Actors who worked with Joe Wright - Statistics

General Stats
  • This quiz has been taken 10 times
  • The average score is 15 of 59
Answer Stats
Film(s) Answer % Correct
Darkest Hour, The Woman in the Window Gary Oldman
100%
Pride & Prejudice, Atonement, Anna Karenina Keira Knightley
100%
Pan Hugh Jackman
83%
Cyrano Peter Dinklage
83%
Atonement, Hanna Saoirse Ronan
83%
Atonement James Mcavoy
67%
The Soloist Robert Downey Jr.
67%
Anna Karenina Aaron Taylor-Johnson
50%
The Woman in the Window Amy Adams
50%
Anna Karenina Domhnall Gleeson
50%
Pride & Prejudice Donald Sutherland
50%
The Soloist Jamie Foxx
50%
Pride & Prejudice, Anna Karenina Matthew Macfadyen
50%
Atonement Benedict Cumberbatch
33%
Pride & Prejudice Carey Mulligan
33%
Hanna Cate Blanchett
33%
Hanna Eric Bana
33%
Anna Karenina Jude Law
33%
Pride & Prejudice Judi Dench
33%
The Woman in the Window Julianne Moore
33%
Atonement Juno Temple
33%
Pan Rooney Mara
33%
Anna Karenina Ruth Wilson
33%
Pride & Prejudice, The Soloist, Hanna Tom Hollander
33%
Atonement Vanessa Redgrave
33%
Anna Karenina Alicia Vikander
17%
The Woman in the Window Anthony Mackie
17%
The Woman in the Window Brian Tyree Henry
17%
Anna Karenina Emily Watson
17%
The Woman in the Window Fred Hechinger
17%
Pan Garrett Hedlund
17%
The Woman in the Window Jennifer Jason Leigh
17%
Darkest Hour Lily James
17%
Darkest Hour Nicholas Jones
17%
Hanna, Anna Karenina Olivia Williams
17%
Atonement Romola Garai
17%
Pride & Prejudice Rosamund Pike
17%
The Woman in the Window Wyatt Russell
17%
Pan Amanda Seyfried
0%
Darkest Hour, Cyrano Ben Mendelsohn
0%
Pride & Prejudice Brenda Blethyn
0%
Anna Karenina, Pan Cara Delevingne
0%
The Soloist Catherine Keener
0%
Darkest Hour David Schofield
0%
Cyrano Haley Bennett
0%
Hanna Jason Flemyng
0%
Anna Karenina Kelly Macdonald
0%
Cyrano Kelvin Harrison Jr.
0%
Darkest Hour Kristin Scott Thomas
0%
Pan Levi Miller
0%
The Soloist LisaGay Hamilton
0%
Hanna, Anna Karenina Michelle Dockery
0%
The Soloist Octavia Spencer
0%
Pride & Prejudice Penelope Wilton
0%
The Soloist Rachael Harris
0%
Darkest Hour Ronald Pickup
0%
Pride & Prejudice Rupert Friend
0%
Darkest Hour Stephen Dillane
0%
Hanna Vicky Krieps
0%
No matching quizzes found
Score Distribution
Percent of People with Each Score
Percentile by Number Answered
Your Score History
You have not taken this quiz